A text of optics

Guardat en:
Dades bibliogràfiques
Autor principal: CHANDRA, Suresh MOHIT, Kumar Sharma
Format: Llibre
Idioma:anglès
Publicat: Ane Books 2019
Etiquetes: Afegir etiqueta
Sense etiquetes, Sigues el primer a etiquetar aquest registre!

MARC

LEADER 00000nam a22000007a 4500
008 210907b ||||| |||| 00| 0 eng d
020 |a 9789386761569 
100 |a CHANDRA, Suresh  |a MOHIT, Kumar Sharma 
245 |a A text of optics  |c Suresh Chandra and Kumar Sharma Mohit  |g vxix,304p.:ill. 
260 |b Ane Books  |c 2019  |h New Delhi  |i 696996  |i 696997  |l QC395.2.C36  |m Physical optics  |m Optics 
500 |a It includes bibliography and index 
942 |a lcc  |c BK  |e Kuteyi, M. A.  |f 7/9/2021 
952 |0 0  |1 0  |2 lcc  |4 0  |6 QC03952 C36  |7 0  |9 3418  |a HOL  |b HOL  |c QZ  |d 2021-09-07  |l 0  |o QC395.2.C36  |p 2021-67125  |r 2021-09-07 00:00:00  |w 2021-09-07  |y BK 
952 |0 0  |1 0  |2 lcc  |4 0  |6 QC03952 C36  |7 0  |9 3419  |a HOL  |b ML  |c QZ  |d 2021-09-07  |l 0  |o QC395.2.C36  |p 2021-67126  |r 2021-09-07 00:00:00  |w 2021-09-07  |y BK 
999 |c 1704  |d 1704